[Event "EU-Cup 34th"]
[Site "Porto Carras"]
[Date "2018.10.16"]
[Round "5.4"]
[White "Mansner, Harry"]
[Black "Gengler, Pierre"]
[Result "1-0"]
[WhiteElo "2278"]
[BlackElo "2205"]
[PlyCount "83"]
[EventDate "2018.10.12"]
[EventType "team-swiss"]
[EventRounds "7"]
[EventCountry "GRE"]
[SourceTitle "CBM 187"]
[Source "ChessBase"]
[SourceDate "2018.12.11"]
[SourceVersion "1"]
[SourceVersionDate "2018.12.11"]
[SourceQuality "1"]
[WhiteTeam "Comeon"]
[BlackTeam "Wirtzfeld"]
[WhiteTeamCountry "FIN"]
[BlackTeamCountry "BEL"]

1. d4 Nf6 2. c4 e6 3. Nf3 d5 4. g3 Be7 5. Bg2 0-0 6. 0-0 c6 7. Qc2 b6 8. Nbd2 Bb7 9. e4 dxe4 10. Nxe4 Nbd7 11. Rd1 Qc8 12. Nxf6+ Nxf6 13. c5 Rd8 14. Bd2 Nd5 15. Ne5 Bf6 16. Be4 g6 17. b4 Qc7 18. Nf3 Qe7 19. h4 Ba6 20. Be1 Bg7 21. Ne5 Rac8 22. a4 f6 23. Nc4 Bxc4 24. Qxc4 f5 25. Bg2 bxc5 26. bxc5 Rb8 27. Ba5 Rd7 28. Re1 Qf6 29. Rad1 Rdb7 30. Qa6 Ne7 31. Bxc6 Nxc6 32. Qxc6 Re7 33. Qd6 Ree8 34. c6 Bf8 35. Qe5 Qf7 36. Rb1 Rxb1 37. Rxb1 Bg7 38. Qd6 Bf8 39. Qd7 Re7 40. Qxe7 Qxe7 41. c7 Qd7 42. Rb8 1-0

[Event "EU-Cup 34th"]
[Site "Porto Carras"]
[Date "2018.10.13"]
[Round "2.4"]
[White "Mansner, Harry"]
[Black "May, Adam John"]
[Result "1/2-1/2"]
[WhiteElo "2278"]
[BlackElo "1924"]
[PlyCount "104"]
[EventDate "2018.10.12"]
[EventType "team-swiss"]
[EventRounds "7"]
[EventCountry "GRE"]
[SourceTitle "CBM 187"]
[Source "ChessBase"]
[SourceDate "2018.12.11"]
[SourceVersion "1"]
[SourceVersionDate "2018.12.11"]
[SourceQuality "1"]
[WhiteTeam "Comeon"]
[BlackTeam "White Knights"]
[WhiteTeamCountry "FIN"]
[BlackTeamCountry "WLS"]

1. d4 d5 2. c4 e6 3. Nf3 Nf6 4. Nc3 Be7 5. Bf4 0-0 6. e3 b6 7. cxd5 Nxd5 8. Nxd5 Qxd5 9. a3 Ba6 10. Bxa6 Nxa6 11. Qa4 Qa5+ 12. Qxa5 bxa5 13. Ne5 c5 14. Nc6 Bf6 15. Be5 cxd4 16. Bxf6 gxf6 17. exd4 a4 18. Rc1 Nb8 19. Ne7+ Kg7 20. d5 Rd8 21. 0-0 Rd7 22. d6 Rd8 23. Rc7 Na6 24. Rc6 Nb8 25. Rc7 Na6 26. Rc6 Nb8 27. Rc4 Na6 28. Rd1 Rd7 29. Rc6 Re8 30. Rxa6 Rexe7 31. Rd4 Re8 32. Rdxa4 Red8 33. Rxa7 Rxd6 34. Rg4+ Kf8 35. g3 Rd2 36. Rb4 Kg7 37. Rbb7 Rf8 38. b4 h5 39. b5 h4 40. gxh4 f5 41. Rd7 Rb2 42. a4 f4 43. Rab7 f3 44. Rd1 Kf6 45. Rf1 Rg8+ 46. Kh1 Rg2 47. h3 Rb4 48. Rg1 Rxf2 49. Rg4 Rb1+ 50. Rg1 Rbb2 51. Rg3 Rb1+ 52. Rg1 Rbb2 1/2-1/2

[Event "EU-Cup 34th"]
[Site "Porto Carras"]
[Date "2018.10.12"]
[Round "1.3"]
[White "Safarli, Eltaj"]
[Black "Mansner, Harry"]
[Result "1-0"]
[WhiteElo "2676"]
[BlackElo "2278"]
[PlyCount "75"]
[EventDate "2018.10.12"]
[EventType "team-swiss"]
[EventRounds "7"]
[EventCountry "GRE"]
[SourceTitle "CBM 187"]
[Source "ChessBase"]
[SourceDate "2018.12.11"]
[SourceVersion "1"]
[SourceVersionDate "2018.12.11"]
[SourceQuality "1"]
[WhiteTeam "Odlar Yurdu"]
[BlackTeam "Comeon"]
[WhiteTeamCountry "AZE"]
[BlackTeamCountry "FIN"]

1. e4 c5 2. Nf3 d6 3. d4 cxd4 4. Nxd4 Nf6 5. Nc3 a6 6. g3 e5 7. Nf3 Be7 8. Bg2 0-0 9. Nh4 g6 10. Bh6 Re8 11. h3 b5 12. a3 Bb7 13. Qd2 Nbd7 14. Nf5 Nc5 15. Nxe7+ Qxe7 16. Bg5 Qe6 17. Qe3 Nh5 18. Rd1 f6 19. Bh6 Rac8 20. 0-0 Rc7 21. Rd2 Ng7 22. Rfd1 Rd8 23. Nd5 Bxd5 24. Rxd5 Na4 25. Qb3 Ne8 26. Be3 Qf7 27. c3 Kg7 28. f4 Rdc8 29. Qc2 Rb8 30. Qf2 Rcb7 31. fxe5 fxe5 32. Qd2 h5 33. Rd3 Kh7 34. g4 Nb6 35. Rf1 Qg8 36. Qe2 Ng7 37. Rxd6 Nc4 38. Rxa6 1-0

[Event "FIN-chT 1718"]
[Site "Finland"]
[Date "2017.12.03"]
[Round "6.5"]
[White "Mansner, Harry"]
[Black "Parkkinen, Jyrki"]
[Result "1/2-1/2"]
[WhiteElo "2280"]
[BlackElo "2144"]
[PlyCount "75"]
[EventDate "2017.09.16"]
[EventType "team-tourn"]
[EventRounds "11"]
[EventCountry "FIN"]
[SourceTitle "EXT 2019"]
[Source "ChessBase"]
[SourceDate "2018.10.10"]
[SourceVersion "1"]
[SourceVersionDate "2018.10.10"]
[SourceQuality "1"]
[WhiteTeam "Helsinki SSK"]
[BlackTeam "Helsinki HSK"]
[WhiteTeamCountry "FIN"]
[BlackTeamCountry "FIN"]

1. d4 d5 2. c4 c5 3. cxd5 Qxd5 4. Nf3 cxd4 5. Nc3 Qa5 6. Nxd4 Nf6 7. g3 e5 8. Nb3 Qc7 9. Bg2 Bb4 10. 0-0 Bxc3 11. bxc3 0-0 12. Bg5 Be6 13. Qd3 Bc4 14. Qe3 Nbd7 15. Rfd1 h6 16. Bxf6 Nxf6 17. Qc5 Qxc5 18. Nxc5 Rac8 19. Nxb7 Bxe2 20. Re1 Ba6 21. Rac1 Bxb7 22. Bxb7 Rc5 23. Bg2 Rfc8 24. Re3 Kf8 25. h3 Nd5 26. Rxe5 Nxc3 27. Rxc5 Rxc5 28. Kf1 Ke7 29. Ke1 Kd6 30. Rc2 g5 31. Rd2+ Ke6 32. Rd4 Nxa2 33. Ra4 Nc3 34. Rxa7 Nb5 35. Ra8 Re5+ 36. Kd2 Kf6 37. Ra6+ Re6 38. Rxe6+ 1/2-1/2

[Event "Hamina We Bastion A"]
[Site "Hamina"]
[Date "2017.09.23"]
[Round "3"]
[White "Kasparov, Sergey"]
[Black "Mansner, Harry"]
[Result "1/2-1/2"]
[WhiteElo "2470"]
[BlackElo "2280"]
[PlyCount "82"]
[EventDate "2017.09.23"]
[EventType "swiss"]
[EventRounds "5"]
[EventCountry "FIN"]
[SourceTitle "EXT 2022"]
[Source "ChessBase"]
[SourceDate "2021.10.06"]
[SourceVersion "1"]
[SourceVersionDate "2021.10.06"]
[SourceQuality "1"]

1. e4 e5 2. Nf3 Nc6 3. Bb5 a6 4. Ba4 Nf6 5. Bxc6 dxc6 6. d3 Bd6 7. h3 0-0 8. Nc3 c5 9. Bg5 c6 10. Nd2 Be7 11. a4 b6 12. 0-0 Be6 13. Be3 Nd7 14. Ne2 b5 15. Ng3 c4 16. dxc4 bxc4 17. Qe2 c3 18. bxc3 Qa5 19. Nf5 Bxf5 20. exf5 Qxc3 21. Ne4 Qa5 22. Qf3 Nf6 23. Bg5 Nxe4 24. Bxe7 Rfe8 25. Qxe4 Rxe7 26. Qxc6 Ree8 27. Qe4 Rac8 28. f6 Qb6 29. fxg7 Qg6 30. Qxg6 hxg6 31. Ra2 Red8 32. Re1 Rc5 33. c3 Kxg7 34. Rb2 Rd6 35. g3 Rd3 36. Rc1 Rd4 37. Ra2 Rd3 38. Rb2 Rd4 39. cxd4 Rxc1+ 40. Kg2 exd4 41. Rb4 d3 1/2-1/2

[Event "Helsinki We MatSK (std)"]
[Site "Helsinki"]
[Date "2017.02.25"]
[Round "5"]
[White "Ertbjerg, Per"]
[Black "Mansner, Harry"]
[Result "1/2-1/2"]
[WhiteElo "1897"]
[BlackElo "2279"]
[PlyCount "81"]
[EventDate "2017.02.24"]
[EventType "swiss"]
[EventRounds "7"]
[EventCountry "FIN"]
[SourceTitle "EXT 2022"]
[Source "ChessBase"]
[SourceDate "2021.10.06"]
[SourceVersion "1"]
[SourceVersionDate "2021.10.06"]
[SourceQuality "1"]

1. d4 Nf6 2. c4 g6 3. Nc3 Bg7 4. e4 d6 5. Bd3 c5 6. dxc5 dxc5 7. Nge2 Nc6 8. 0-0 Ne5 9. Nd5 e6 10. Nxf6+ Bxf6 11. Qa4+ Qd7 12. Qxd7+ Bxd7 13. Rd1 Ba4 14. Rd2 0-0-0 15. Nc3 Bc6 16. Be2 Rd4 17. Rxd4 cxd4 18. Nb5 Bxb5 19. cxb5 d3 20. Bf1 Nc4 21. Bxd3 Na3 22. Kf1 Rd8 23. Ke2 b6 24. f4 Bd4 25. g4 f6 26. h4 Kb7 27. Be3 Bxb2 28. Rd1 Rc8 29. h5 Nc4 30. Bxc4 Rxc4 31. Rd7+ Rc7 32. Rd6 Re7 33. hxg6 hxg6 34. Kd3 Ba3 35. Rc6 Rd7+ 36. Kc4 Bd6 37. e5 fxe5 38. fxe5 Bxe5 39. Rxe6 Bb2 40. Rxg6 Re7 41. Bh6 1/2-1/2

[Event "Helsinki We MatSK (rapid)"]
[Site "Helsinki"]
[Date "2017.02.24"]
[Round "2"]
[White "Mansner, Harry"]
[Black "Oksanen, Timo"]
[Result "1/2-1/2"]
[WhiteElo "2279"]
[BlackElo "2010"]
[PlyCount "85"]
[EventDate "2017.02.24"]
[EventType "swiss (rapid)"]
[EventRounds "7"]
[EventCountry "FIN"]
[SourceTitle "EXT 2022"]
[Source "ChessBase"]
[SourceDate "2021.10.06"]
[SourceVersion "1"]
[SourceVersionDate "2021.10.06"]
[SourceQuality "1"]

1. e4 c5 2. Nf3 d6 3. d4 cxd4 4. Nxd4 Nf6 5. Nc3 g6 6. Be3 Bg7 7. f3 0-0 8. Qd2 Nc6 9. Bc4 Bd7 10. 0-0-0 Rc8 11. Bb3 Ne5 12. Kb1 Nc4 13. Bxc4 Rxc4 14. g4 Qb8 15. g5 Nh5 16. Nd5 e6 17. Nc3 b5 18. Nde2 b4 19. Qxd6 bxc3 20. Qxb8 Rxb8 21. Rxd7 Rxb2+ 22. Ka1 Rxc2 23. Rd8+ Bf8 24. Nc1 e5 25. Ra8 Nf4 26. Rd1 Kg7 27. Rxa7 Bc5 28. Bxc5 Rxc5 29. Nb3 Rc8 30. Rdd7 Rxh2 31. Rxf7+ Kg8 32. a4 Rh1+ 33. Ka2 c2 34. Rg7+ Kh8 35. Rac7 c1Q 36. Nxc1 Rxc1 37. Rxh7+ Kg8 38. Rhg7+ Kf8 39. Rgf7+ Kg8 40. Rg7+ Kf8 41. Rgf7+ Ke8 42. Rfe7+ Kd8 43. Rcd7# 1/2-1/2

[Event "FIN-chT2 Gp1 1617"]
[Site "Finland"]
[Date "2017.02.04"]
[Round "6.1"]
[White "Kauppala, Pekka"]
[Black "Mansner, Harry"]
[Result "0-1"]
[WhiteElo "2070"]
[BlackElo "2234"]
[PlyCount "66"]
[EventDate "2016.09.17"]
[EventType "team-tourn"]
[EventRounds "7"]
[EventCountry "FIN"]
[SourceTitle "EXT 2019"]
[Source "ChessBase"]
[SourceDate "2018.10.10"]
[SourceVersion "1"]
[SourceVersionDate "2018.10.10"]
[SourceQuality "1"]
[WhiteTeam "Helsinki LauttSK"]
[BlackTeam "Helsinki I-HSK"]
[WhiteTeamCountry "FIN"]
[BlackTeamCountry "FIN"]

1. e4 c5 2. Nf3 Nc6 3. Bb5 a6 4. Bxc6 dxc6 5. 0-0 Qc7 6. d4 cxd4 7. Qxd4 Bg4 8. Ne5 Rd8 9. Qc3 Nf6 10. Bf4 g5 11. Bg3 Qc8 12. Re1 Bg7 13. Na3 Nd7 14. Nac4 Be6 15. Qa5 Bxc4 16. Nxc4 b5 17. Ne3 Bxb2 18. Rad1 Nc5 19. Rxd8+ Qxd8 20. Bc7 Qc8 21. Qb6 Ne6 22. Qxc6+ Kf8 23. Rd1 Qxc7 24. Qa8+ Kg7 25. Nf5+ Kg6 26. Qd5 Rd8 27. Nd6 Rxd6 28. Qf5+ Kg7 29. Rb1 Qxc2 30. Rf1 Rd1 31. g3 Rxf1+ 32. Kxf1 Qd1+ 33. Kg2 g4 0-1

[Event "Helsinki Mestaruus M 2017"]
[Site "Helsinki"]
[Date "2016.12.28"]
[Round "2"]
[White "Mansner, Harry"]
[Black "Gronroos, Matti"]
[Result "1/2-1/2"]
[WhiteElo "2295"]
[BlackElo "1981"]
[PlyCount "72"]
[EventDate "2016.12.27"]
[EventType "tourn"]
[EventRounds "9"]
[EventCountry "FIN"]
[SourceTitle "EXT 2022"]
[Source "ChessBase"]
[SourceDate "2021.10.06"]
[SourceVersion "1"]
[SourceVersionDate "2021.10.06"]
[SourceQuality "1"]

1. e4 e5 2. Nf3 Nc6 3. Bb5 f5 4. Nc3 Nf6 5. exf5 Bc5 6. 0-0 0-0 7. Nxe5 Nd4 8. Nf3 Nxf3+ 9. Qxf3 d5 10. d3 c6 11. Ba4 Ne8 12. Bb3 Bxf5 13. Qg3 Nf6 14. Bg5 Bd6 15. Qh4 Qc7 16. Ne4 Be5 17. Nxf6+ Bxf6 18. Bxf6 Rxf6 19. Rae1 a5 20. a4 Raf8 21. Re2 Qb6 22. Re3 Bg6 23. Qg3 Rf4 24. Re7 Qb4 25. Ree1 Rxf2 26. Qxf2 Rxf2 27. Kxf2 Qd4+ 28. Kg3 Bh5 29. Rf4 Qxb2 30. Re7 h6 31. h4 Qc1 32. Re5 Qd1 33. Kh2 Qd2 34. Kg3 Qd1 35. Kh2 Qd2 36. Kg3 Qd1 1/2-1/2

[Event "Helsinki ESK 70 Anniv M"]
[Site "Helsinki"]
[Date "2016.12.04"]
[Round "4"]
[White "Hallman, Valo"]
[Black "Mansner, Harry"]
[Result "0-1"]
[WhiteElo "2098"]
[BlackElo "2295"]
[PlyCount "136"]
[EventDate "2016.12.02"]
[EventType "tourn"]
[EventRounds "7"]
[EventCountry "FIN"]
[SourceTitle "EXT 2022"]
[Source "ChessBase"]
[SourceDate "2021.10.06"]
[SourceVersion "1"]
[SourceVersionDate "2021.10.06"]
[SourceQuality "1"]

1. Nf3 Nf6 2. d4 g6 3. c4 Bg7 4. g3 0-0 5. Bg2 c6 6. 0-0 d6 7. b3 Nbd7 8. Bb2 Re8 9. Qc2 e5 10. dxe5 dxe5 11. e3 a5 12. a3 Qe7 13. Nbd2 Nh5 14. Bc3 e4 15. Nd4 f5 16. g4 fxg4 17. Qxe4 Ne5 18. Kh1 Bd7 19. f4 Qh4 20. Qc2 Ng3+ 21. Kg1 Nxf1 22. Nxf1 Nf3+ 23. Nxf3 gxf3 24. Bxf3 Bf5 25. Qb2 Bxc3 26. Qxc3 Qe7 27. Ra2 Be4 28. Bxe4 Qxe4 29. Rd2 Rad8 30. Qxa5 Rxd2 31. Qxd2 Qe7 32. b4 Rd8 33. Qc2 Qd7 34. Kf2 Qd3 35. Qa2 Qc3 36. c5+ Kg7 37. Qe6 Qf6 38. Qb3 Qh4+ 39. Kg2 Qg4+ 40. Kf2 h5 41. a4 h4 42. Qc3+ Kf7 43. b5 Qe6 44. bxc6 Qxc6 45. Nd2 Qxa4 46. Nf3 Qa2+ 47. Ke1 Qb1+ 48. Kf2 Qa2+ 49. Ke1 Ra8 50. Ng5+ Kg8 51. Qc1 Qa1 52. Qxa1 Rxa1+ 53. Kf2 Ra2+ 54. Kf3 Rxh2 55. Ne4 h3 56. Nf2 Rg2 57. e4 Rg1 58. Nxh3 Rc1 59. f5 gxf5 60. exf5 Rxc5 61. Ke4 b5 62. Nf4 Rc4+ 63. Ke3 b4 64. Nd3 b3 65. Kd2 Kg7 66. Kd1 Kf6 67. Nb2 Rc7 68. Na4 Kxf5 0-1

[Event "Helsinki ESK 70 Anniv M"]
[Site "Helsinki"]
[Date "2016.12.03"]
[Round "2"]
[White "Gronroos, Matti"]
[Black "Mansner, Harry"]
[Result "0-1"]
[WhiteElo "1981"]
[BlackElo "2295"]
[PlyCount "62"]
[EventDate "2016.12.02"]
[EventType "tourn"]
[EventRounds "7"]
[EventCountry "FIN"]
[SourceTitle "EXT 2022"]
[Source "ChessBase"]
[SourceDate "2021.10.06"]
[SourceVersion "1"]
[SourceVersionDate "2021.10.06"]
[SourceQuality "1"]

1. e4 e6 2. d4 d5 3. Nc3 Bb4 4. e5 c5 5. Qg4 Ne7 6. Nf3 Ng6 7. Bb5+ Bd7 8. 0-0 0-0 9. Bxd7 Nxd7 10. Bg5 Qc8 11. Be3 cxd4 12. Bxd4 Bc5 13. Rfe1 Bxd4 14. Qxd4 Qc5 15. Rad1 Qxd4 16. Rxd4 Rfc8 17. Re2 Rc6 18. Kf1 Rac8 19. Ke1 a6 20. Kd1 h6 21. g3 Rb6 22. Kc1 Ne7 23. Ne1 Nc6 24. Rd1 Ncxe5 25. f4 Nc4 26. b3 Nd6 27. Kb2 Rbc6 28. Nb1 Nc5 29. Nf3 Nde4 30. Nd4 Rb6 31. Nf3 Na4+ 0-1

[Event "Helsinki We KapSK"]
[Site "Helsinki"]
[Date "2016.11.27"]
[Round "4"]
[White "Tuovinen, Jukka"]
[Black "Mansner, Harry"]
[Result "1/2-1/2"]
[WhiteElo "2012"]
[BlackElo "2243"]
[PlyCount "50"]
[EventDate "2016.11.26"]
[EventType "swiss"]
[EventRounds "5"]
[EventCountry "FIN"]
[SourceTitle "EXT 2022"]
[Source "ChessBase"]
[SourceDate "2021.10.06"]
[SourceVersion "1"]
[SourceVersionDate "2021.10.06"]
[SourceQuality "1"]

1. e4 e5 2. Nf3 Nc6 3. Bb5 a6 4. Bxc6 dxc6 5. Nc3 f6 6. d4 exd4 7. Qxd4 Qxd4 8. Nxd4 Bd7 9. Be3 0-0-0 10. 0-0-0 Ne7 11. Nce2 c5 12. Nb3 b6 13. Nf4 f5 14. f3 fxe4 15. fxe4 Nc6 16. Nd5 Bd6 17. Nxb6+ cxb6 18. Rxd6 Rhf8 19. Rdd1 Rde8 20. Nd2 Ne5 21. Rhf1 Bb5 22. Rxf8 Rxf8 23. h3 Nc4 24. Nxc4 Bxc4 25. Re1 Bf1 1/2-1/2